[Event "5. Trofeu Illes Balears"]
[Site "Petra ESP"]
[Date "2010.12.14"]
[Round "5.4"]
[White "Lalic, Bogdan"]
[Black "Galiana Salom, Juan Ramon"]
[Result "1/2-1/2"]
[WhiteElo "2492"]
[BlackElo "2222"]
[PlyCount "60"]
[EventDate "2010.12.11"]
[EventType "tourn"]
[EventRounds "9"]
[EventCountry "ESP"]
[EventCategory "4"]
[Source "lmi"]
[SourceDate "2010.12.11"]

1. d4 Nf6 2. Nf3 c5 3. d5 d6 4. Nc3 Qa5 5. Bd2 Qb6 6. e4 Bg4 7. Be2 Nbd7 8. O-O
g6 9. a4 a6 10. a5 Qc7 11. Ng5 Bxe2 12. Qxe2 h6 13. Nf3 Bg7 14. Na4 O-O 15. Bc3
Nh5 16. Nd2 Rae8 17. Bxg7 Kxg7 18. Nc3 e5 19. dxe6 fxe6 20. Nc4 d5 21. exd5
exd5 22. Nxd5 Qxh2+ 23. Kxh2 Rxe2 24. Rad1 Rexf2 25. Rxf2 Rxf2 26. Kg1 Re2 27.
Nc3 Re7 28. Nd5 Re2 29. Nc3 Re7 30. Nd5 Re2 1/2-1/2

[Event "5. Trofeu Illes Balears"]
[Site "Petra ESP"]
[Date "2010.12.14"]
[Round "5.5"]
[White "Ducros Salva, Antonio"]
[Black "Aroshidze, Levan"]
[Result "0-1"]
[WhiteElo "2254"]
[BlackElo "2545"]
[PlyCount "100"]
[EventDate "2010.12.11"]
[EventType "tourn"]
[EventRounds "9"]
[EventCountry "ESP"]
[EventCategory "4"]
[Source "lmi"]
[SourceDate "2010.12.11"]

1. c4 Nf6 2. g3 c5 3. Bg2 e6 4. Nf3 a6 5. O-O Be7 6. Nc3 O-O 7. d4 cxd4 8. Nxd4
d6 9. b3 Ra7 10. Bb2 b6 11. e4 Rc7 12. Rc1 Bb7 13. Qe2 Nbd7 14. Rfd1 Qa8 15.
Nc2 Rfc8 16. Ne3 Nc5 17. f3 Re8 18. Qf2 Rcc8 19. g4 h6 20. Qg3 Nh7 21. h4 Qb8
22. Ne2 b5 23. cxb5 axb5 24. Nd4 b4 25. Bf1 Red8 26. Bc4 Bf6 27. Rc2 Be5 28.
Qe1 Ba8 29. Ne2 Bxb2 30. Rxb2 Nf8 31. Rbd2 Ng6 32. Nd4 Ne5 33. Rg2 Qb6 34. Qf2
Nxf3+ 35. Qxf3 Bxe4 36. Qf2 Bxg2 37. Kxg2 Ne4 38. Qf3 d5 39. Be2 Rc3 40. Ndc2
Rdc8 41. Bd3 Nc5 42. Be2 Nd7 43. Rd2 Nf6 44. Bd3 Nd7 45. Be2 Nc5 46. Rd4 Ne4
47. Bd3 Rxc2+ 48. Nxc2 Rxc2+ 49. Bxc2 Qxd4 50. Qe2 Nc3 0-1

[Event "5. Trofeu Illes Balears"]
[Site "Petra ESP"]
[Date "2010.12.14"]
[Round "6.1"]
[White "Massanet Massanet, Sebastian"]
[Black "Aroshidze, Levan"]
[Result "0-1"]
[WhiteElo "2263"]
[BlackElo "2545"]
[PlyCount "64"]
[EventDate "2010.12.11"]
[EventType "tourn"]
[EventRounds "9"]
[EventCountry "ESP"]
[EventCategory "4"]
[Source "lmi"]
[SourceDate "2010.12.11"]

1. e4 c5 2. Nf3 e6 3. d4 cxd4 4. Nxd4 a6 5. Nc3 Qc7 6. Be3 Nf6 7. Bd3 b5 8. Qd2
Bb7 9. f3 b4 10. Nce2 Nc6 11. O-O-O Ne5 12. Kb1 d5 13. exd5 Nxd5 14. Bf2 Nxd3
15. Qxd3 Bd6 16. Bg3 O-O 17. Bxd6 Qxd6 18. c4 bxc3 19. Nxc3 Nxc3+ 20. Qxc3 Rfc8
21. Ne2 Bd5 22. Qd2 Rd8 23. Ka1 Qb6 24. Qc2 e5 25. Nc3 Be6 26. Rhe1 f6 27. Qe2
Bf7 28. b3 Rd4 29. Rxd4 exd4 30. Na4 Qd6 31. g3 d3 32. Qd2 Rc8 0-1

[Event "5. Trofeu Illes Balears"]
[Site "Petra ESP"]
[Date "2010.12.14"]
[Round "6.2"]
[White "Galiana Salom, Juan Ramon"]
[Black "Ducros Salva, Antonio"]
[Result "1/2-1/2"]
[WhiteElo "2222"]
[BlackElo "2254"]
[PlyCount "30"]
[EventDate "2010.12.11"]
[EventType "tourn"]
[EventRounds "9"]
[EventCountry "ESP"]
[EventCategory "4"]
[Source "lmi"]
[SourceDate "2010.12.11"]

1. e4 c5 2. Nf3 Nc6 3. d4 cxd4 4. Nxd4 g6 5. Nc3 Bg7 6. Nf3 Nf6 7. Be2 O-O 8.
O-O a5 9. a4 Nb4 10. Bg5 d5 11. exd5 Nbxd5 12. Nxd5 Nxd5 13. c3 Nf6 14. Bb5 Bg4
15. Qxd8 Rfxd8 1/2-1/2

[Event "5. Trofeu Illes Balears"]
[Site "Petra ESP"]
[Date "2010.12.14"]
[Round "6.3"]
[White "Garcia Del Rey, Senen"]
[Black "Lalic, Bogdan"]
[Result "1/2-1/2"]
[WhiteElo "2326"]
[BlackElo "2492"]
[PlyCount "20"]
[EventDate "2010.12.11"]
[EventType "tourn"]
[EventRounds "9"]
[EventCountry "ESP"]
[EventCategory "4"]
[Source "lmi"]
[SourceDate "2010.12.11"]

1. Nf3 d5 2. c4 dxc4 3. e3 Be6 4. Na3 Nf6 5. Nxc4 g6 6. b3 Bg7 7. Bb2 c5 8. Be2
Nc6 9. O-O O-O 10. d4 cxd4 1/2-1/2

[Event "5. Trofeu Illes Balears"]
[Site "Petra ESP"]
[Date "2010.12.14"]
[Round "6.4"]
[White "Queirolo Perez, Manuel"]
[Black "Pons Sastre, Santiago"]
[Result "0-1"]
[WhiteElo "2105"]
[BlackElo "2389"]
[PlyCount "58"]
[EventDate "2010.12.11"]
[EventType "tourn"]
[EventRounds "9"]
[EventCountry "ESP"]
[EventCategory "4"]
[Source "lmi"]
[SourceDate "2010.12.11"]

1. e4 c5 2. Nf3 Nc6 3. d4 cxd4 4. Nxd4 g6 5. Be3 Nf6 6. Nc3 Bg7 7. Be2 O-O 8.
Nb3 d6 9. g4 Be6 10. h4 d5 11. h5 dxe4 12. Qc1 Bxg4 13. Bh6 Bxe2 14. Nxe2 Ne5
15. hxg6 fxg6 16. Bxg7 Nf3+ 17. Kf1 Kxg7 18. Nc5 Qd5 19. Nf4 Qf5 20. Nce6+ Kg8
21. Nxf8 Rxf8 22. Nh3 Ng4 23. Qd1 Ngh2+ 24. Rxh2 Nxh2+ 25. Kg2 Nf3 26. Qf1 Rd8
27. Qc4+ Kf8 28. Qc7 Rd6 29. Kg3 h5 0-1

[Event "5. Trofeu Illes Balears"]
[Site "Petra ESP"]
[Date "2010.12.15"]
[Round "7.1"]
[White "Dovramadjiev, Tihomir"]
[Black "Massanet Massanet, Sebastian"]
[Result "1-0"]
[WhiteElo "2342"]
[BlackElo "2263"]
[PlyCount "139"]
[EventDate "2010.12.11"]
[EventType "tourn"]
[EventRounds "9"]
[EventCountry "ESP"]
[EventCategory "4"]
[Source "lmi"]
[SourceDate "2010.12.11"]

1. c4 Nf6 2. g3 e6 3. Bg2 d5 4. Nf3 dxc4 5. Qa4+ Bd7 6. Qxc4 Bc6 7. O-O Be7 8.
d3 O-O 9. Nbd2 Bd5 10. Qc2 c5 11. a3 b6 12. b3 Nbd7 13. Bb2 Rc8 14. Rac1 b5 15.
Qb1 Qb6 16. Rc2 Rc7 17. Rfc1 Rfc8 18. Qa1 Ne8 19. Ne5 Bxg2 20. Kxg2 Nxe5 21.
Bxe5 Rc6 22. f3 Bg5 23. f4 Be7 24. Nf3 f6 25. Bc3 c4 26. dxc4 bxc4 27. b4 Nd6
28. Bd4 Qb7 29. Qa2 Kf7 30. Kg1 Bd8 31. Qb2 Ne4 32. b5 c3 33. Bxc3 Rxc3 34.
Rxc3 Rxc3 35. Rxc3 Nxc3 36. Qxc3 Qxb5 37. Qc2 Bb6+ 38. Kf1 Qd5 39. e4 Qb5+ 40.
Kg2 Kg8 41. a4 Qd7 42. Qc4 Kf8 43. g4 e5 44. f5 a5 45. h4 Ba7 46. g5 Qb7 47. g6
hxg6 48. fxg6 Qd7 49. Kg3 Be3 50. h5 Bf4+ 51. Kf2 Qa7+ 52. Kf1 Qd7 53. Ke2 Qa7
54. Qb3 Qd7 55. Qb8+ Ke7 56. Qg8 Qc6 57. Qxg7+ Kd8 58. Qg8+ Kc7 59. Qf7+ Kc8
60. Qd5 Qc2+ 61. Nd2 Bxd2 62. Qxd2 Qxe4+ 63. Qe3 Qc2+ 64. Ke1 Qb1+ 65. Kf2 Kd7
66. g7 Qh7 67. h6 Ke7 68. Qc5+ Kd7 69. Qd5+ Ke7 70. g8=Q 1-0

[Event "5. Trofeu Illes Balears"]
[Site "Petra ESP"]
[Date "2010.12.15"]
[Round "7.2"]
[White "Pons Sastre, Santiago"]
[Black "Berger, Steve"]
[Result "1/2-1/2"]
[WhiteElo "2389"]
[BlackElo "2423"]
[PlyCount "52"]
[EventDate "2010.12.11"]
[EventType "tourn"]
[EventRounds "9"]
[EventCountry "ESP"]
[EventCategory "4"]
[Source "lmi"]
[SourceDate "2010.12.11"]

1. c4 e5 2. Nc3 Nf6 3. Nf3 Nc6 4. e3 Bb4 5. Qc2 O-O 6. Nd5 Re8 7. Bd3 g6 8. a3
Bf8 9. Nxf6+ Qxf6 10. Be4 Qe7 11. h4 d6 12. h5 Be6 13. hxg6 hxg6 14. b4 Nd8 15.
Bxg6 fxg6 16. Qxg6+ Bg7 17. Ng5 Nf7 18. Ne4 Nh8 19. Qh7+ Kf8 20. Bb2 Qf7 21.
Qh4 Qg6 22. d3 Nf7 23. O-O-O c6 24. f4 a5 25. fxe5 dxe5 26. bxa5 Bf5 1/2-1/2

[Event "5. Trofeu Illes Balears"]
[Site "Petra ESP"]
[Date "2010.12.15"]
[Round "7.3"]
[White "Lalic, Bogdan"]
[Black "Queirolo Perez, Manuel"]
[Result "1-0"]
[WhiteElo "2492"]
[BlackElo "2105"]
[PlyCount "85"]
[EventDate "2010.12.11"]
[EventType "tourn"]
[EventRounds "9"]
[EventCountry "ESP"]
[EventCategory "4"]
[Source "lmi"]
[SourceDate "2010.12.11"]

1. d4 Nf6 2. c4 e6 3. Nf3 Bb4+ 4. Nbd2 c5 5. a3 Bxd2+ 6. Qxd2 cxd4 7. Nxd4 a6
8. e3 O-O 9. Be2 Nc6 10. b4 d5 11. cxd5 Nxd4 12. Qxd4 Qxd5 13. Qxd5 Nxd5 14.
Bd2 Bd7 15. e4 Ne7 16. Be3 Bc6 17. f3 Rad8 18. Kf2 Rd7 19. a4 b5 20. Rhc1 bxa4
21. Bxa6 f5 22. Bc5 Ra8 23. b5 Bb7 24. Rxa4 fxe4 25. Bxe7 exf3 26. Bb4 fxg2 27.
Rca1 Rf7+ 28. Kg1 Bd5 29. b6 Rf4 30. Bd6 Rxa6 31. Bxf4 Rxb6 32. Be5 h5 33. Ra7
Kh7 34. Rxg7+ Kh6 35. Rg8 Rb4 36. Re1 Rc4 37. h3 Rb4 38. Kh2 Rc4 39. Rg3 Rb4
40. Bc3 Ra4 41. Bd2+ Kh7 42. Re5 Rh4 43. Reg5 1-0

[Event "5. Trofeu Illes Balears"]
[Site "Petra ESP"]
[Date "2010.12.15"]
[Round "7.4"]
[White "Ducros Salva, Antonio"]
[Black "Garcia Del Rey, Senen"]
[Result "0-1"]
[WhiteElo "2254"]
[BlackElo "2326"]
[PlyCount "74"]
[EventDate "2010.12.11"]
[EventType "tourn"]
[EventRounds "9"]
[EventCountry "ESP"]
[EventCategory "4"]
[Source "lmi"]
[SourceDate "2010.12.11"]

1. c4 e5 2. g3 Nc6 3. Bg2 Nf6 4. Nc3 Bc5 5. a3 a6 6. e3 O-O 7. Nge2 d6 8. O-O
Ba7 9. b4 Re8 10. d3 Ne7 11. e4 c6 12. Bg5 Ng6 13. h3 h6 14. Bd2 b5 15. cxb5
axb5 16. Bc1 d5 17. exd5 Nxd5 18. Nxd5 cxd5 19. Nc3 Bd4 20. Bb2 Be6 21. Rc1 Qd7
22. Kh2 Ra7 23. Qd2 Rc8 24. Ne2 Bb6 25. Rxc8+ Qxc8 26. f4 Rc7 27. Rc1 f6 28.
Rxc7 Qxc7 29. fxe5 fxe5 30. d4 e4 31. Qc1 Qd6 32. Qc3 h5 33. Bxe4 dxe4 34. d5
Qf8 35. dxe6 Qf2+ 36. Kh1 Qf1+ 37. Kh2 Qxe2+ 0-1

[Event "5. Trofeu Illes Balears"]
[Site "Petra ESP"]
[Date "2010.12.15"]
[Round "7.5"]
[White "Aroshidze, Levan"]
[Black "Galiana Salom, Juan Ramon"]
[Result "0-1"]
[WhiteElo "2545"]
[BlackElo "2222"]
[PlyCount "116"]
[EventDate "2010.12.11"]
[EventType "tourn"]
[EventRounds "9"]
[EventCountry "ESP"]
[EventCategory "4"]
[Source "lmi"]
[SourceDate "2010.12.11"]

1. e4 e6 2. d4 d5 3. Nc3 Nf6 4. Bg5 Bb4 5. e5 h6 6. Be3 Nfd7 7. Qg4 g6 8. a3
Bxc3+ 9. bxc3 Qe7 10. h4 b6 11. h5 g5 12. f4 f5 13. exf6 Nxf6 14. Qd1 g4 15.
Bd3 Ba6 16. Bg6+ Kd7 17. Bf2 Nc6 18. Bh4 Raf8 19. g3 e5 20. Bxf6 Rxf6 21. dxe5
Kc8 22. Qxg4+ Kb8 23. Ne2 Nxe5 24. fxe5 Qxe5 25. Kd2 Rf2 26. Rae1 Rhf8 27. Bd3
Bxd3 28. cxd3 Re8 29. Kd1 Qe3 30. Qd4 Qf3 31. Qf4 Qxd3+ 32. Qd2 Qb1+ 33. Qc1
Qb3+ 34. Kd2 Qc4 35. Qd1 d4 36. cxd4 Qxd4+ 37. Kc1 Qa1+ 38. Kc2 Qa2+ 39. Kd3
Qxa3+ 40. Kc2 Qa2+ 41. Kc3 Rfxe2 42. Rxe2 Rxe2 43. Rh4 Qb2+ 44. Kd3 Re5 45. Qa4
Qe2+ 46. Kd4 Qe3+ 47. Kc4 Qc5+ 48. Kb3 Re3+ 49. Ka2 Re2+ 50. Kb3 Qc2+ 51. Kb4
a5+ 52. Kb5 Qxa4+ 53. Kxa4 Re3 54. Rg4 Kb7 55. Rg7 Ka6 56. Rg6 Rf3 57. Rc6 Re3
58. Rg6 Rc3 0-1

[Event "5. Trofeu Illes Balears"]
[Site "Petra ESP"]
[Date "2010.12.16"]
[Round "8.1"]
[White "Massanet Massanet, Sebastian"]
[Black "Galiana Salom, Juan Ramon"]
[Result "0-1"]
[WhiteElo "2263"]
[BlackElo "2222"]
[PlyCount "90"]
[EventDate "2010.12.11"]
[EventType "tourn"]
[EventRounds "9"]
[EventCountry "ESP"]
[EventCategory "4"]
[Source "lmi"]
[SourceDate "2010.12.11"]

1. e4 e6 2. d4 d5 3. Nd2 Nf6 4. e5 Nfd7 5. Bd3 c5 6. c3 Nc6 7. Ne2 cxd4 8. cxd4
f6 9. Nf4 Nxd4 10. Qh5+ Ke7 11. exf6+ Nxf6 12. Ng6+ hxg6 13. Qxh8 Kf7 14. Qh4
e5 15. Nf3 Nxf3+ 16. gxf3 Bf5 17. Bxf5 gxf5 18. Bg5 Qb6 19. O-O Bd6 20. Rac1
Ke6 21. Rc2 d4 22. Rfc1 Qb5 23. Rc4 Qd5 24. Kg2 d3 25. b3 b5 26. R4c3 e4 27.
Re1 d2 28. Rd1 exf3+ 29. Rxf3 Ne4 30. Re3 Be5 31. f3 Nc3 32. Rxe5+ Qxe5 33.
Rxd2 Kf7 34. Bf4 Qe6 35. Qg3 Nd5 36. Be5 g5 37. Kh1 Re8 38. Re2 Qg6 39. Qf2 f4
40. Bd4 Qd3 41. Rxe8 Kxe8 42. Bxa7 Ne3 43. h4 g4 44. fxg4 Qe4+ 45. Kg1 Qb1+ 0-1

[Event "5. Trofeu Illes Balears"]
[Site "Petra ESP"]
[Date "2010.12.16"]
[Round "8.2"]
[White "Garcia Del Rey, Senen"]
[Black "Aroshidze, Levan"]
[Result "0-1"]
[WhiteElo "2326"]
[BlackElo "2545"]
[PlyCount "76"]
[EventDate "2010.12.11"]
[EventType "tourn"]
[EventRounds "9"]
[EventCountry "ESP"]
[EventCategory "4"]
[Source "lmi"]
[SourceDate "2010.12.11"]

1. c4 Nf6 2. g3 c5 3. Bg2 e6 4. Nf3 d6 5. O-O Qc7 6. b3 b6 7. Bb2 Be7 8. d4
cxd4 9. Nxd4 Bb7 10. Bxb7 Qxb7 11. Nc3 O-O 12. Qd3 Rc8 13. Rfd1 a6 14. Qf3 Nc6
15. Ne4 Ne8 16. Rac1 Rab8 17. Nxc6 Rxc6 18. Rd3 b5 19. Nd2 Qc7 20. Rd1 bxc4 21.
Nxc4 Rxc4 22. bxc4 Rxb2 23. Rb3 Rxb3 24. axb3 Qb6 25. Qa8 Kf8 26. Ra1 Qxb3 27.
Qxa6 Bf6 28. Ra2 Bd4 29. e3 Bc5 30. Ra4 g6 31. Qc6 Qb1+ 32. Kg2 Qb8 33. Qd7 Qc7
34. Qb5 Nf6 35. Ra8+ Kg7 36. Rb8 e5 37. Rb7 Qc8 38. h3 Qf5 0-1

[Event "5. Trofeu Illes Balears"]
[Site "Petra ESP"]
[Date "2010.12.16"]
[Round "8.3"]
[White "Queirolo Perez, Manuel"]
[Black "Ducros Salva, Antonio"]
[Result "0-1"]
[WhiteElo "2105"]
[BlackElo "2254"]
[PlyCount "72"]
[EventDate "2010.12.11"]
[EventType "tourn"]
[EventRounds "9"]
[EventCountry "ESP"]
[EventCategory "4"]
[Source "lmi"]
[SourceDate "2010.12.11"]

1. e4 c5 2. Nf3 Nc6 3. d4 cxd4 4. Nxd4 g6 5. Be2 Bg7 6. Be3 Nf6 7. Nc3 O-O 8.
g4 d5 9. Nxc6 bxc6 10. e5 Nd7 11. f4 e6 12. h4 c5 13. Nb5 Rb8 14. Qd2 a6 15.
Nd6 Rxb2 16. h5 Qb6 17. a3 Bb7 18. Rh3 Bc6 19. Rc1 Ba4 20. Bd3 Rb1 21. hxg6
hxg6 22. Qh2 Qb2 23. Kd1 c4 24. Bf1 Nxe5 25. fxe5 Bxe5 26. Qf2 Bxd6 27. Rh8+
Qxh8 28. Rxb1 Be5 29. Rb7 d4 30. Bg5 d3 31. Be7 Bxc2+ 32. Kc1 Rc8 33. Bd8 Qg7
34. Bh4 g5 35. Bg3 Bxg3 36. Qxg3 Qa1+ 0-1

[Event "5. Trofeu Illes Balears"]
[Site "Petra ESP"]
[Date "2010.12.16"]
[Round "8.5"]
[White "Dovramadjiev, Tihomir"]
[Black "Pons Sastre, Santiago"]
[Result "1/2-1/2"]
[WhiteElo "2342"]
[BlackElo "2389"]
[PlyCount "178"]
[EventDate "2010.12.11"]
[EventType "tourn"]
[EventRounds "9"]
[EventCountry "ESP"]
[EventCategory "4"]
[Source "lmi"]
[SourceDate "2010.12.11"]

1. c4 e6 2. Nf3 d5 3. e3 Nf6 4. Nc3 Be7 5. Qc2 O-O 6. d4 c5 7. dxc5 Bxc5 8. a3
Bb6 9. Be2 Nc6 10. O-O Qe7 11. b4 dxc4 12. Bxc4 Bd7 13. Bb2 Rac8 14. Na4 e5 15.
Nxb6 axb6 16. Nd2 b5 17. Bb3 Nxb4 18. Qb1 Na6 19. Nf3 Rc5 20. Rc1 Rfc8 21. Rxc5
Rxc5 22. Qa2 Bg4 23. Nxe5 Rxe5 24. Bxe5 Qxe5 25. Bxf7+ Kf8 26. h3 Bd7 27. Rd1
Nc5 28. Bd5 Na4 29. Bxb7 Nc3 30. Qb2 Qc5 31. Rd2 Na4 32. Qb4 Ke7 33. e4 Be6 34.
Bc6 Bc4 35. Qxc5+ Nxc5 36. Rd1 Ke6 37. f3 Ke5 38. Rb1 Na4 39. Rd1 Nc3 40. Re1
Ne2+ 41. Kf2 Nd4 42. Bxb5 Bxb5 43. Rc1 Ne6 44. Rb1 Bc4 45. a4 g5 46. a5 Kd4 47.
Rb6 Kc5 48. Ke3 Nd7 49. Rb1 Ne5 50. Rb7 h5 51. g3 Nc6 52. Rh7 Nxa5 53. Rxh5 Kd6
54. h4 Bb5 55. hxg5 Nc4+ 56. Kf2 Be8 57. Rh8 Bg6 58. Ra8 Bxe4 59. fxe4 Nxg5 60.
Ra4 Kc5 61. g4 Kd4 62. Kg3 Nxe4+ 63. Kf4 Nc5 64. Ra8 Nd3+ 65. Kg5 Nce5 66. Kf5
Nxg4 67. Kxg4 Ke4 68. Re8+ Ne5+ 69. Kg5 Kd4 70. Kf5 Nc4 71. Kf4 Kd3 72. Re1 Kd4
73. Rd1+ Kc5 74. Rd7 Kc6 75. Rd3 Kc5 76. Ke4 Nd6+ 77. Ke5 Nc4+ 78. Ke6 Kc6 79.
Rd5 Nb6 80. Rh5 Nc4 81. Rg5 Nd6 82. Rg1 Nc4 83. Rd1 Kc5 84. Kf5 Nd6+ 85. Ke5
Nc4+ 86. Ke4 Nd6+ 87. Ke3 Nc4+ 88. Ke4 Nd6+ 89. Kd3 Kd5 1/2-1/2

[Event "5. Trofeu Illes Balears"]
[Site "Petra ESP"]
[Date "2010.12.17"]
[Round "9.2"]
[White "Lalic, Bogdan"]
[Black "Dovramadjiev, Tihomir"]
[Result "1/2-1/2"]
[WhiteElo "2492"]
[BlackElo "2342"]
[PlyCount "79"]
[EventDate "2010.12.11"]
[EventType "tourn"]
[EventRounds "9"]
[EventCountry "ESP"]
[EventCategory "4"]
[Source "lmi"]
[SourceDate "2010.12.11"]

1. d4 d5 2. c4 e6 3. Nf3 c6 4. Nc3 Nf6 5. Qd3 dxc4 6. Qxc4 b5 7. Qd3 a6 8. e4
c5 9. dxc5 Qxd3 10. Bxd3 Bxc5 11. e5 Nfd7 12. Be4 Ra7 13. O-O O-O 14. Bf4 Bb7
15. Bxb7 Rxb7 16. Ne4 Rc7 17. a4 bxa4 18. Rxa4 Rfc8 19. g3 Nb6 20. Raa1 Nd5 21.
Bd2 h6 22. Rfc1 Be7 23. Rxc7 Rxc7 24. Rc1 Rxc1+ 25. Bxc1 Nc6 26. Kf1 Kf8 27.
Ke2 Ke8 28. g4 Kd7 29. h4 Kc7 30. h5 Kb6 31. g5 hxg5 32. Nexg5 Nd8 33. Kd3 Kc5
34. Ne4+ Kb6 35. h6 gxh6 36. Bxh6 Nc6 37. Bd2 Bd8 38. Nd6 f6 39. exf6 Nxf6 40.
b3 1/2-1/2

[Event "5. Trofeu Illes Balears"]
[Site "Petra ESP"]
[Date "2010.12.17"]
[Round "9.4"]
[White "Aroshidze, Levan"]
[Black "Queirolo Perez, Manuel"]
[Result "1-0"]
[WhiteElo "2545"]
[BlackElo "2105"]
[PlyCount "61"]
[EventDate "2010.12.11"]
[EventType "tourn"]
[EventRounds "9"]
[EventCountry "ESP"]
[EventCategory "4"]
[Source "lmi"]
[SourceDate "2010.12.11"]

1. e4 e6 2. d4 d5 3. Nc3 Bb4 4. e5 c5 5. a3 Bxc3+ 6. bxc3 Ne7 7. Nf3 b6 8. Bb5+
Bd7 9. Bd3 h6 10. h4 Qc7 11. O-O Nbc6 12. Re1 Na5 13. h5 c4 14. Bf1 O-O-O 15.
g3 Rdg8 16. Bh3 g6 17. Nh2 gxh5 18. Qxh5 f5 19. exf6 Rxg3+ 20. fxg3 Qxg3+ 21.
Kf1 Qxh2 22. fxe7 Rg8 23. Be3 Nc6 24. Bg4 Qg3 25. Bf3 Be8 26. Qh1 Nxe7 27. Ke2
Qg6 28. Kd2 Ba4 29. Rac1 Nf5 30. Rg1 Ng3 31. Rxg3 1-0

[Event "5. Trofeu Illes Balears"]
[Site "Petra ESP"]
[Date "2010.12.17"]
[Round "9.5"]
[White "Galiana Salom, Juan Ramon"]
[Black "Garcia Del Rey, Senen"]
[Result "0-1"]
[WhiteElo "2222"]
[BlackElo "2326"]
[PlyCount "48"]
[EventDate "2010.12.11"]
[EventType "tourn"]
[EventRounds "9"]
[EventCountry "ESP"]
[EventCategory "4"]
[Source "lmi"]
[SourceDate "2010.12.11"]

1. d4 Nf6 2. c4 c5 3. d5 b5 4. cxb5 a6 5. b6 Qxb6 6. Nc3 g6 7. e4 d6 8. Be2 Bg7
9. Nf3 Nbd7 10. O-O O-O 11. Nd2 Qc7 12. a4 Bb7 13. a5 e6 14. dxe6 fxe6 15. Nc4
d5 16. exd5 exd5 17. Nb6 Nxb6 18. axb6 Qxb6 19. Bf3 Rad8 20. Re1 d4 21. Na4
Bxf3 22. Nxb6 Bxd1 23. Rxd1 Rd6 24. Nc4 Re6 0-1